Jueves- La Oreja de Van Gogh - Estadísticas

Estadísticas generales
  • Esta prueba ha sido intentada 173 veces
  • La puntuación promedio es 192 de 245
Estadísticas de respuestas
Letra % Correcto
a
95%
y
95%
Y
95%
de
94%
De
94%
la
94%
me
92%
Me
92%
Si
92%
si
92%
Te
91%
te
91%
tu
91%
el
90%
El
90%
mi
90%
un
90%
Un
90%
las
89%
los
89%
en
86%
mas
86%
Que
86%
que
86%
Yo
86%
yo
86%
no
85%
fuera
83%
guapa
83%
miras
83%
Va
83%
dia
82%
ha
82%
lista
82%
miro
82%
Se
82%
se
82%
especial
80%
poco
80%
por
80%
pronto
80%
revista
79%
suspiras
79%
ti
79%
ojos
78%
quien
78%
eres
77%
pongo
77%
Tendria
77%
vagon
77%
valor
77%
vista
77%
al
76%
ni
76%
preguntarte
76%
temblar
76%
apartas
75%
cruzar
75%
marzo
75%
mis
75%
once
75%
cierro
74%
este
74%
imaginas
74%
pequenita
74%
bonita
72%
cristal
72%
falda
72%
hago
72%
llevo
72%
tren
72%
bostezo
71%
corazon
71%
mano
71%
ya
71%
frente
70%
labios
70%
verte
70%
beso
69%
pupilas
69%
viernes
69%
lunes
68%
quiero
68%
Como
67%
ultimo
67%
cara
66%
del
66%
luz
66%
morir
66%
regalo
66%
soplo
66%
vida
66%
apaga
64%
estacion
64%
lanzar
64%
manos
64%
menos
64%
tartamudeando
64%
tunel
64%
viene
64%
Cada
63%
cambiado
63%
estamos
63%
golondrinas
63%
llegando
63%
nombre
63%
poema
63%
sientas
63%
silencio
63%
tonta
63%
chica
62%
directo
62%
elijo
62%
manana
62%
para
62%
conozco
61%
dias
60%
pasan
60%
piensas
60%
rechazo
60%
respiro
60%
asi
59%
echaba
59%
ocurre
59%
Apenas
57%
Bequer
57%
llegamos
57%
entonces
56%
Dices
55%
gracias
55%
inundan
55%
tiempo
55%
Pronuncian
54%
quieres
53%
aun
52%
tomas
52%
diciendo
51%
encuentro
51%
valiente
49%
Pero
48%
vuelvo
48%
Supongo
45%
despiertan
44%
acercas
43%
No se encontraron pruebas coincidentes
Distribución de puntuación
Porcentaje de gente con cada puntuación
Porcentaje por número respondido
Historial de tus puntuaciones
No has intentado esta prueba.